Slot v Guildford BC (Record no. 36554)
[ view plain ]
| 000 -LEADER | |
|---|---|
| fixed length control field | 01688cab a2200265 4500 |
| 001 - CONTROL NUMBER | |
| control field | ABS46815 |
| 008 - FIXED-LENGTH DATA ELEMENTS--GENERAL INFORMATION | |
| fixed length control field | 090401t1992 xxu||||| |||| 00| 0 eng d |
| 035 ## - SYSTEM CONTROL NUMBER | |
| System control number | (Sirsi) u59562 |
| 041 ## - LANGUAGE CODE | |
| Language code of text/sound track or separate title | eng |
| 245 ## - TITLE STATEMENT | |
| Title | Slot v Guildford BC |
| 260 ## - PUBLICATION, DISTRIBUTION, ETC. | |
| Date of publication, distribution, etc. | 1992 |
| 350 ## - PRICE (NR) (BK AM CF MU VM SE) [OBSOLETE] | |
| Price | 0 |
| 490 ## - SERIES STATEMENT | |
| Series statement | Rating & Valuation Reporter |
| Volume/sequential designation | 1992 32 RVR 126-144(9) |
| 520 ## - SUMMARY, ETC. | |
| Summary, etc. | LT 27 May 1992. A decision to determine the amount of compensation (if payable) under ss164 and 165 of the Town and Country Planning Act 1971 following refusal of planning permission on 15.07 ac of farmland in Ockham Surrey within metropolitian green belt. In January 1990, Guildford BC (G) made a direction under article 4 of the Town and Country Planning General Development Order 1988 which included the land to which this case relates. This revoked permitted development rights formerly available under art 3 and pt 2 of class A of sch 2 to the 1988 GDO. In November 1990, the claimant (S) submitted an application for planning permission on the land for a glass house, storage barn and five fences. Permission was refused on the ground that (1) fencing would fragment open natural land (2) buildings were not required for agricultural purposes and (3) visual intrusion. S submitted a claim for compensation under s164(1) of the 1971 Act on 3 May 1991. The claim was in four parts (a) depreciat |
| 650 ## - SUBJECT ADDED ENTRY--TOPICAL TERM | |
| Topical term or geographic name entry element | ARTICLE 4 DIRECTIONS |
| 650 ## - SUBJECT ADDED ENTRY--TOPICAL TERM | |
| Topical term or geographic name entry element | COMPENSATION |
| 650 ## - SUBJECT ADDED ENTRY--TOPICAL TERM | |
| Topical term or geographic name entry element | GREEN BELT |
| 650 ## - SUBJECT ADDED ENTRY--TOPICAL TERM | |
| Topical term or geographic name entry element | PERMITTED DEVELOPMENT RIGHTS |
| 650 ## - SUBJECT ADDED ENTRY--TOPICAL TERM | |
| Topical term or geographic name entry element | PLANNING PERMISSION |
| 650 ## - SUBJECT ADDED ENTRY--TOPICAL TERM | |
| Topical term or geographic name entry element | REFUSAL |
| 650 ## - SUBJECT ADDED ENTRY--TOPICAL TERM | |
| Topical term or geographic name entry element | TOWN AND COUNTRY PLANNING ACT 1971 S164 |
| 690 ## - LOCAL SUBJECT ADDED ENTRY--TOPICAL TERM (OCLC, RLIN) | |
| Topical term or geographic name as entry element | PLANNING LAW AND PRACTICE-CASE LAW |
| 942 ## - ADDED ENTRY ELEMENTS (KOHA) | |
| Suppress in OPAC | 0 |
| 948 ## - LOCAL PROCESSING INFORMATION (OCLC); SERIES PART DESIGNATOR (RLIN) | |
| c (OCLC) | 04/03/1997 |
| Withdrawn status | Lost status | Source of classification or shelving scheme | Damaged status | Not for loan | Home library | Current library | Shelving location | Date acquired | Total Checkouts | Full call number | Barcode | Date last seen | Copy number | Price effective from | Koha item type |
|---|---|---|---|---|---|---|---|---|---|---|---|---|---|---|---|
| Dewey Decimal Classification | London | London | Journal article | 14/09/1999 | ABS46815 | 59562-1001 | 06/08/2019 | 1 | 06/08/2019 | Law report |